000 00376nam a2200145Ia 4500
005 20250729165741.0
008 250729s1994 xx 000 0 und d
041 _akan
082 _a494.50 SULK
100 _aG.B.Sulibhavi
_9232097
245 _aKannada Prabhanda Lekhana
260 _aGadag
_bShabhadimat Printing Press
_c1994
300 _a180p
650 _aKannada
_9232098
999 _c239612
_d239612